[Event "Oberliga Nord N 1819"]
[Site "Germany"]
[Date "2019.03.24"]
[Round "8.6"]
[White "Reichmann, Hendrik"]
[Black "Stanau, Guido"]
[Result "1-0"]
[WhiteElo "2341"]
[BlackElo "2015"]
[PlyCount "61"]
[EventDate "2018.10.21"]
[EventType "team-tourn"]
[EventRounds "9"]
[EventCountry "GER"]
[SourceTitle "EXT 2020"]
[Source "ChessBase"]
[SourceDate "2019.10.17"]
[SourceVersion "1"]
[SourceVersionDate "2019.10.17"]
[SourceQuality "1"]
[WhiteTeam "Schwerin SF"]
[BlackTeam "Hamburg Koenigsspringer"]
[WhiteTeamCountry "GER"]
[BlackTeamCountry "GER"]

1. d4 Nf6 2. Bf4 g6 3. Nc3 Bg7 4. e4 d6 5. Qd2 0-0 6. Bh6 c5 7. Bxg7 Kxg7 8. d5 Nbd7 9. f4 Rb8 10. Nf3 Qa5 11. e5 dxe5 12. fxe5 Ng4 13. Qf4 Qb4 14. Qd2 Ngxe5 15. 0-0-0 Nxf3 16. gxf3 Nf6 17. Qe3 Bd7 18. a3 Qb6 19. h4 h5 20. Rg1 Rbd8 21. Bd3 Qd6 22. Rg5 Rh8 23. Rdg1 Rh6 24. R1g2 b6 25. Re2 Qc7 26. Reg2 Be8 27. Re5 Ng8 28. Re2 Qd6 29. f4 Qf6 30. Qg3 Bd7 31. Ne4 1-0

[Event "Oberliga Nord N 1516"]
[Site "Germany"]
[Date "2016.01.31"]
[Round "6.8"]
[White "Olsen, Filip Boe"]
[Black "Stanau, Guido"]
[Result "1-0"]
[WhiteElo "2217"]
[BlackElo "2042"]
[PlyCount "119"]
[EventDate "2015.09.20"]
[EventType "team-tourn"]
[EventRounds "9"]
[EventCountry "GER"]
[SourceTitle "EXT 2017"]
[Source "ChessBase"]
[SourceDate "2016.10.25"]
[SourceVersion "1"]
[SourceVersionDate "2016.10.25"]
[SourceQuality "1"]
[WhiteTeam "Kiel Turm"]
[BlackTeam "Hamburg Koenigsspringer"]
[WhiteTeamCountry "GER"]
[BlackTeamCountry "GER"]

1. d4 Nf6 2. Nf3 e6 3. Bf4 Nc6 4. e3 b6 5. Be2 Be7 6. h3 Bb7 7. c4 Bb4+ 8. Nfd2 Ne7 9. 0-0 Ng6 10. Bg3 0-0 11. a3 Be7 12. Nc3 d6 13. f4 Nd7 14. e4 c5 15. d5 exd5 16. exd5 Bf6 17. Nf3 Qe7 18. Qd2 Bxc3 19. bxc3 Rfe8 20. Bd3 Qe3+ 21. Rf2 Nf6 22. f5 Qxd2 23. Rxd2 Ne5 24. Nxe5 dxe5 25. Re1 Nd7 26. Bc2 f6 27. Ba4 Red8 28. Bh4 Rac8 29. g4 h6 30. Bg3 Nb8 31. h4 Bc6 32. Bb3 Bd7 33. Bf2 Na6 34. Be3 Rf8 35. Rg2 Kh7 36. Bc2 Nc7 37. g5 Rg8 38. Kh2 Rcf8 39. Reg1 fxg5 40. hxg5 Bxf5 41. gxh6 Bxc2 42. Rxg7+ Kh8 43. Rxc7 Rxg1 44. Kxg1 Rf6 45. Rxa7 Bb3 46. Re7 Bxc4 47. Rxe5 Rf7 48. d6 Bb5 49. Re7 Kg8 50. Rxf7 Kxf7 51. Kf2 Bd3 52. Bg5 Ke6 53. Be7 Bc2 54. Ke3 Bg6 55. Kf4 Bc2 56. Kg5 Bd3 57. a4 Bc2 58. Bd8 Kxd6 59. Bxb6 Kd5 60. a5 1-0

[Event "Oberliga Nord N 1314"]
[Site "Germany"]
[Date "2013.11.10"]
[Round "2.7"]
[White "Junge, Kai"]
[Black "Stanau, Guido"]
[Result "1/2-1/2"]
[WhiteElo "2194"]
[BlackElo "2058"]
[PlyCount "56"]
[EventDate "2013.10.13"]
[EventType "team-tourn"]
[EventRounds "9"]
[EventCountry "GER"]
[SourceTitle "EXT 2015"]
[Source "ChessBase"]
[SourceDate "2014.11.20"]
[SourceVersion "1"]
[SourceVersionDate "2014.11.20"]
[SourceQuality "1"]
[WhiteTeam "Preetz"]
[BlackTeam "Hamburg Koenigsspringer"]
[WhiteTeamCountry "GER"]
[BlackTeamCountry "GER"]

1. Nf3 Nf6 2. g3 g6 3. Bg2 Bg7 4. 0-0 0-0 5. c4 d6 6. d4 c5 7. Nc3 Nc6 8. d5 Na5 9. Nd2 a6 10. Qc2 Rb8 11. b3 b5 12. Bb2 Ng4 13. h3 Ne5 14. f4 Nd7 15. Nd1 Bxb2 16. Nxb2 Nb6 17. e4 e6 18. Rae1 exd5 19. cxd5 Qc7 20. e5 c4 21. Ne4 Nxd5 22. Qd2 Be6 23. f5 gxf5 24. Nf6+ Nxf6 25. Qg5+ Kh8 26. Qxf6+ Kg8 27. Qg5+ Kh8 28. Qf6+ Kg8 1/2-1/2

[Event "Pinneberg-ch"]
[Site "Pinneberg"]
[Date "2013.09.12"]
[Round "6"]
[White "Stanau, Guido"]
[Black "Wolff, Stefan"]
[Result "1-0"]
[WhiteElo "2054"]
[BlackElo "1973"]
[PlyCount "59"]
[EventDate "2013.08.08"]
[EventType "swiss"]
[EventRounds "7"]
[EventCountry "GER"]
[SourceTitle "EXT 2017"]
[Source "ChessBase"]
[SourceDate "2016.10.25"]
[SourceVersion "1"]
[SourceVersionDate "2016.10.25"]
[SourceQuality "1"]

1. e4 c5 2. Nf3 e6 3. c3 d5 4. exd5 exd5 5. d4 Nc6 6. Bb5 Be6 7. 0-0 h6 8. Ne5 Rc8 9. Re1 cxd4 10. Qxd4 Qa5 11. Qd3 Nge7 12. b4 Qc7 13. Bf4 Qb6 14. Nd2 g5 15. Be3 Qc7 16. Bd4 Rg8 17. Nb3 a6 18. Bxc6+ Nxc6 19. Ng4 Be7 20. Nf6+ Bxf6 21. Bxf6 Qf4 22. Qh7 Qxf6 23. Qxg8+ Kd7 24. Nc5+ Kc7 25. Nxe6+ fxe6 26. Qxe6 Qxc3 27. Qxd5 Qxb4 28. Qf7+ Kb8 29. Rab1 Rc7 30. Qe8+ 1-0

[Event "GER-ch U18"]
[Site "Oberhof"]
[Date "2013.05.24"]
[Round "8"]
[White "Goebel, Constantin"]
[Black "Stanau, Guido"]
[Result "1/2-1/2"]
[WhiteElo "2245"]
[BlackElo "2055"]
[PlyCount "52"]
[EventDate "2013.05.19"]
[EventType "swiss"]
[EventRounds "9"]
[EventCountry "GER"]
[SourceTitle "CBM 154 Extra"]
[Source "ChessBase"]
[SourceDate "2013.06.25"]
[SourceVersion "2"]
[SourceVersionDate "2013.06.25"]
[SourceQuality "1"]

1. e4 e6 2. d4 d5 3. Nc3 dxe4 4. Nxe4 Bd7 5. Bd3 Bc6 6. Nf3 Nd7 7. Qe2 Ngf6 8. Bd2 Be7 9. 0-0 0-0 10. Rfe1 Bxe4 11. Bxe4 Nxe4 12. Qxe4 c6 13. c4 Qb6 14. Qc2 Bb4 15. Rad1 Rac8 16. Re3 Bxd2 17. Qxd2 Rfd8 18. Rb3 Qc7 19. Qg5 h6 20. Qe3 Nb6 21. Ne5 c5 22. Rbd3 cxd4 23. Rxd4 Rxd4 24. Rxd4 Rd8 25. b3 Rxd4 26. Qxd4 f6 1/2-1/2

[Event "GER-ch U16"]
[Site "Oberhof"]
[Date "2012.05.27"]
[Round "1"]
[White "Kardoeus, David"]
[Black "Stanau, Guido"]
[Result "0-1"]
[WhiteElo "1857"]
[BlackElo "2093"]
[PlyCount "50"]
[EventDate "2012.05.27"]
[EventType "swiss"]
[EventRounds "9"]
[EventCountry "GER"]
[SourceTitle "CBM 148 Extra"]
[Source "ChessBase"]
[SourceDate "2012.06.22"]
[SourceVersion "1"]
[SourceVersionDate "2012.06.22"]
[SourceQuality "1"]

1. b3 e5 2. Bb2 d6 3. g3 Nc6 4. Bg2 g6 5. c4 Bg7 6. d3 f5 7. Nc3 Nf6 8. e3 0-0 9. Nge2 Be6 10. 0-0 Qd7 11. Qd2 Rae8 12. Rad1 Nh5 13. d4 exd4 14. exd4 Bf7 15. f4 Qe7 16. d5 Nb4 17. Kf2 Nf6 18. a3 Ng4+ 19. Kg1 Na6 20. Rfe1 Qe3+ 21. Qxe3 Nxe3 22. Rd2 Nc5 23. b4 Nxc4 24. bxc5 Nxd2 25. Bc1 Bxc3 0-1

[Event "GER-chT Nord-West U20 1112"]
[Site "Germany"]
[Date "2012.01.21"]
[Round "3"]
[White "Rieping, Heiner"]
[Black "Stanau, Guido"]
[Result "0-1"]
[WhiteElo "1860"]
[BlackElo "2093"]
[PlyCount "46"]
[EventDate "2011.09.24"]
[EventType "team-tourn"]
[EventRounds "9"]
[EventCountry "GER"]
[SourceTitle "EXT 2015"]
[Source "ChessBase"]
[SourceDate "2014.11.20"]
[SourceVersion "1"]
[SourceVersionDate "2014.11.20"]
[SourceQuality "1"]

1. e4 c5 2. Nf3 d6 3. d4 cxd4 4. Nxd4 Nf6 5. Nc3 g6 6. Be3 Bg7 7. f3 0-0 8. Qd2 Nc6 9. 0-0-0 d5 10. exd5 Nxd5 11. Nxc6 bxc6 12. Nxd5 cxd5 13. Qxd5 Qc7 14. Qc5 Qb7 15. Qa3 Rb8 16. Bd4 e5 17. Bc3 Be6 18. Ba6 Qb6 19. Rhe1 Rfd8 20. Bd3 Rd5 21. Be4 Bf8 22. Qa4 Rc5 23. Rd3 f5 0-1

[Event "GER-chT U20"]
[Site "Osnabrueck"]
[Date "2011.12.28"]
[Round "3.3"]
[White "Fornoff, Robin"]
[Black "Stanau, Guido"]
[Result "0-1"]
[WhiteElo "1806"]
[BlackElo "2111"]
[PlyCount "86"]
[EventDate "2011.12.27"]
[EventType "team-swiss"]
[EventRounds "7"]
[EventCountry "GER"]
[SourceTitle "CBM 146 Extra"]
[Source "ChessBase"]
[SourceDate "2012.02.29"]
[SourceVersion "1"]
[SourceVersionDate "2012.02.29"]
[SourceQuality "1"]
[WhiteTeam "Gernsheim"]
[BlackTeam "Hamburg Koenigsspringer"]
[WhiteTeamCountry "GER"]
[BlackTeamCountry "GER"]

1. e4 c5 2. Nc3 Nc6 3. f4 g6 4. Bc4 Bg7 5. Nf3 e6 6. 0-0 Nge7 7. d3 0-0 8. Qe1 Na5 9. Bb3 Nec6 10. f5 Nxb3 11. axb3 exf5 12. Bg5 f6 13. Bh4 d6 14. Nd2 b6 15. Nd5 Be6 16. Nf4 Bf7 17. exf5 Re8 18. Ne6 Bxe6 19. fxe6 Nd4 20. Qf2 Rxe6 21. Ne4 Nf5 22. Bxf6 Rxf6 23. Nxf6+ Bxf6 24. c3 Bg5 25. Rae1 Qd7 26. g4 Nh6 27. h3 Re8 28. Qf3 Nf7 29. Qd5 Bh4 30. Re4 Rxe4 31. Qxe4 d5 32. Qf3 d4 33. Kg2 Bg5 34. Qe4 Kg7 35. Rh1 Qe7 36. Qxe7 Bxe7 37. Ra1 a5 38. Re1 Kf6 39. h4 h6 40. Re2 Ne5 41. g5+ hxg5 42. hxg5+ Kf5 43. cxd4 cxd4 0-1

[Event "Harburg-chB 9th"]
[Site "Hamburg"]
[Date "2011.08.21"]
[Round "4"]
[White "Stanau, Guido"]
[Black "Kurth, Michael"]
[Result "1-0"]
[WhiteElo "2001"]
[BlackElo "2035"]
[PlyCount "61"]
[EventDate "2011.08.19"]
[EventType "tourn"]
[EventRounds "5"]
[EventCountry "GER"]
[SourceTitle "EXT 2012"]
[Source "ChessBase"]
[SourceDate "2011.11.24"]
[SourceVersion "1"]
[SourceVersionDate "2011.11.24"]
[SourceQuality "1"]

1. e4 c5 2. Nf3 Nc6 3. c3 d5 4. exd5 Qxd5 5. d4 Bg4 6. dxc5 Qxd1+ 7. Kxd1 0-0-0+ 8. Nbd2 e5 9. b4 e4 10. h3 Bxf3+ 11. gxf3 exf3 12. Kc2 Ne5 13. Nc4 Ng6 14. h4 h5 15. Bd3 Re8 16. Bg5 Nf6 17. Rhe1 Be7 18. Rad1 Kb8 19. Bxg6 fxg6 20. Ne5 Bd8 21. c6 b5 22. Nxg6 Rhg8 23. Ne5 Ng4 24. Rxd8+ Rxd8 25. Bxd8 Rxd8 26. Nxf3 Rf8 27. Nd4 Rxf2+ 28. Kb3 a6 29. Re8+ Kc7 30. Re7+ Kb8 31. Ne6 1-0

[Event "GER-ch U16"]
[Site "Oberhof"]
[Date "2011.06.17"]
[Round "8"]
[White "Stanau, Guido"]
[Black "Neumair, Jerome"]
[Result "1/2-1/2"]
[WhiteElo "1994"]
[BlackElo "2115"]
[PlyCount "47"]
[EventDate "2011.06.11"]
[EventType "swiss"]
[EventRounds "9"]
[EventCountry "GER"]
[SourceTitle "CBM 142 Extra"]
[Source "ChessBase"]
[SourceDate "2011.06.27"]
[SourceVersion "1"]
[SourceVersionDate "2011.06.27"]
[SourceQuality "1"]

1. e4 e6 2. d4 d5 3. Nc3 Nf6 4. e5 Nfd7 5. f4 c5 6. Nf3 Nc6 7. Be3 cxd4 8. Nxd4 Bc5 9. Qd2 0-0 10. 0-0-0 a6 11. h4 Nxd4 12. Bxd4 b5 13. h5 Bxd4 14. Qxd4 Qb6 15. Ne2 a5 16. h6 g6 17. Rh3 b4 18. Qxb6 Nxb6 19. Nd4 Ba6 20. Bd3 Rfc8 21. Kb1 Nd7 22. Rc1 Rc7 23. Bxa6 Rxa6 24. c3 1/2-1/2

[Event "GER-ch U16"]
[Site "Oberhof"]
[Date "2011.06.14"]
[Round "5"]
[White "Stahnecker, Ludwig"]
[Black "Stanau, Guido"]
[Result "1-0"]
[WhiteElo "2087"]
[BlackElo "1994"]
[PlyCount "101"]
[EventDate "2011.06.11"]
[EventType "swiss"]
[EventRounds "9"]
[EventCountry "GER"]
[SourceTitle "CBM 142 Extra"]
[Source "ChessBase"]
[SourceDate "2011.06.27"]
[SourceVersion "1"]
[SourceVersionDate "2011.06.27"]
[SourceQuality "1"]

1. e4 e6 2. d4 d5 3. Nc3 Nf6 4. Bg5 Bb4 5. e5 h6 6. Bd2 Bxc3 7. bxc3 Ne4 8. Bd3 Nxd2 9. Qxd2 c5 10. Nf3 Qa5 11. 0-0 Nc6 12. dxc5 Qxc5 13. Rab1 b6 14. Rfe1 Bd7 15. Rb5 Qe7 16. Qf4 Rc8 17. Rbb1 Na5 18. Qb4 Qc5 19. Qg4 0-0 20. Nd4 Kh8 21. Re3 Nc4 22. Rg3 Rg8 23. Qf4 Qf8 24. Rh3 Rd8 25. Nf3 f6 26. exf6 Qxf6 27. Qxf6 gxf6 28. Rxh6+ Kg7 29. Rh7+ Kf8 30. Bxc4 dxc4 31. Rd1 Rg7 32. Rxg7 Kxg7 33. Kf1 Kf7 34. Ke2 Ke7 35. Ke3 Rg8 36. g3 e5 37. h4 Bf5 38. Rd2 Rg4 39. Nh2 Re4+ 40. Kf3 Re1 41. Kg2 Ra1 42. g4 Bh7 43. Nf1 Be4+ 44. f3 Bxf3+ 45. Kxf3 Rxf1+ 46. Rf2 Rh1 47. h5 Ke6 48. Kg3 b5 49. Rh2 Rg1+ 50. Kf3 Rf1+ 51. Ke2 1-0

[Event "GER-ch U16"]
[Site "Oberhof"]
[Date "2011.06.12"]
[Round "1"]
[White "Schreiner, Till"]
[Black "Stanau, Guido"]
[Result "1-0"]
[WhiteElo "2159"]
[BlackElo "1994"]
[PlyCount "87"]
[EventDate "2011.06.11"]
[EventType "swiss"]
[EventRounds "9"]
[EventCountry "GER"]
[SourceTitle "CBM 142 Extra"]
[Source "ChessBase"]
[SourceDate "2011.06.27"]
[SourceVersion "1"]
[SourceVersionDate "2011.06.27"]
[SourceQuality "1"]

1. d4 Nf6 2. c4 g6 3. Nc3 Bg7 4. e4 d6 5. f3 0-0 6. Be3 c5 7. Nge2 Nc6 8. d5 Ne5 9. Ng3 h5 10. Be2 e6 11. 0-0 exd5 12. cxd5 a6 13. a4 Nh7 14. Qd2 h4 15. Nh1 f5 16. Nf2 Bd7 17. a5 Qf6 18. f4 Nf7 19. Rae1 g5 20. exf5 Bxf5 21. Bd3 g4 22. Nfe4 Qg6 23. Bf2 Rfe8 24. Qc2 Nh6 25. Qb1 Nf6 26. Bxh4 c4 27. Nxf6+ Bxf6 28. Bxf5 Nxf5 29. Bxf6 Qxf6 30. Re4 Re7 31. Rfe1 Rh7 32. Re8+ Rxe8 33. Rxe8+ Kf7 34. Qe4 Ng7 35. Rb8 Qh4 36. Rxb7+ Kg8 37. Rb8+ Kf7 38. Rb7+ Kg8 39. Kf1 Qxh2 40. Qg6 Qxf4+ 41. Ke2 Qf8 42. Ne4 Rh1 43. Nf6+ Kh8 44. Rxg7 1-0